| 000 | 00460nam a2200157 4500 | ||
|---|---|---|---|
| 005 | 20260526100626.0 | ||
| 020 | _a9789380884929 | ||
| 082 |
_a894.81209 _bBAL.V |
||
| 084 | _2Colon Classification | ||
| 100 |
_aBalachandran Vadakkedath _910308 |
||
| 245 | _aVimarshakante Kazhchakal ( വിമർശകന്റെ കാഴ്ചകൾ ) | ||
| 260 |
_aThrissur: _bGreen books; _c2012. |
||
| 300 | _a104p. | ||
| 650 |
_acrticism _915150 |
||
| 942 |
_2ddc _cBK |
||
| 999 |
_c759923 _d759923 |
||